| 000 | 01141cam a22003257a 4500 | ||
|---|---|---|---|
| 003 | CHAP | ||
| 005 | 20220329133133.0 | ||
| 008 | 971013s1984 r 00010 d | ||
| 010 | _a2568 | ||
| 011 | _a3540 | ||
| 035 | _a2741 | ||
| 040 | _cCHAP | ||
| 082 |
_a317.2 _bM4 Gro. |
||
| 110 |
_aInstituto Nacional de Estadística, Geografía e Informática. México _959304 |
||
| 245 | 0 | _aManual de estadísticas básicas del estado de Guerrero | |
| 260 |
_aMéxico, D. F. : _bEl Instituto, _c1984 |
||
| 300 | _a691 p. | ||
| 590 |
_aBATCH-UPD _b10 _c20130110 _lUCH01 _h1039 |
||
| 590 |
_aBATCH-UPD _b10 _c20130410 _lUCH01 _h0639 |
||
| 590 |
_aBATCH-UPD _b10 _c20130914 _lUCH01 _h0018 |
||
| 590 |
_aCONVERSION _b10 _c20130109 _lUCH01 _h1303 |
||
| 650 | 1 | 4 |
_aAgricultura _xEstadisticas _zGuerrero. _91453 |
| 650 | 1 | 4 |
_aAgricultura _xGuerrero. _91506 |
| 650 | 1 | 4 |
_aGanadería _xEstadísticas _zGuerrero. _944712 |
| 650 | 1 | 4 |
_aGuerrero _xEstadísticas. _951184 |
| 901 | _aBK | ||
| 942 | _cLIBRO | ||
| 949 |
_a317.2 M4 Gro. _bBC _cINEGI _d33724000464293 _eINEGI _h62705 _i2741 _si |
||
| 949 |
_a317.2 M4 Gro. _bBC _cINEGI _d33724000506382 _eINEGI _fc.2 _h63271 _i2741 _si |
||
| 999 |
_c2568 _d2568 |
||